Friend of the court & the 2010 Constitution : (Record no. 59066)

MARC details
000 -LEADER
fixed length control field 00692 a2200169 4500
008 - FIXED-LENGTH DATA ELEMENTS--GENERAL INFORMATION
fixed length control field 240611b ||||| |||| 00| 0 eng d
020 ## - INTERNATIONAL STANDARD BOOK NUMBER
International Standard Book Number 9788896155219
050 ## - LIBRARY OF CONGRESS CALL NUMBER
Classification number KSK3598
Item number .F75 2017
245 ## - TITLE STATEMENT
Title Friend of the court & the 2010 Constitution :
Remainder of title the Kenyan experience and comparative state practice on amicus curiae /
Statement of responsibility, etc edited by Christopher Kerkering, Christopher Mbazira.
260 ## - PUBLICATION, DISTRIBUTION, ETC. (IMPRINT)
Name of publisher, distributor, etc International Development Law Organization (IDLO)
Date of publication, distribution, etc 2017
Place of publication, distribution, etc Nairobi, Kenya :
300 ## - PHYSICAL DESCRIPTION
Extent xxviii, 199 p.;
Dimensions 21 cm.
500 ## - GENERAL NOTE
General note Includes bibliographical references.
650 ## - SUBJECT ADDED ENTRY--TOPICAL TERM
Topical term or geographic name as entry element Amici curiae
Chronological subdivision Kenya.
700 ## - ADDED ENTRY--PERSONAL NAME
Personal name Kerkering, Christopher
700 ## - ADDED ENTRY--PERSONAL NAME
Personal name Mbazira, Christopher
942 ## - ADDED ENTRY ELEMENTS (KOHA)
Item type Book
Source of classification or shelving scheme Library of Congress Classification
Holdings
Withdrawn status Lost status Source of classification or shelving scheme Damaged status Not for loan Collection code Home library Current library Shelving location Date acquired Source of acquisition Cost, normal purchase price Full call number Barcode Date last seen Copy number Price effective from Koha item type
    Library of Congress Classification   Not For Loan Non-fiction Bishop Okullu Memorial Library (Limuru Campus) Bishop Okullu Memorial Library (Limuru Campus) Special Collection 11/06/2024 purchase 1500.00 SPE KSK3598 .F75 2017 071698 11/06/2024 1 11/06/2024 Book